LEADER 01325nam a2200313 a 4500 001 000000133038 003 CaOOAMICUS 005 20130307105012.0 008 130307s2012 it u000 u ita r 020 $a978-88-7885-156-6 040 $aPUL$bita 082 04$a170 100 1 $aSpaemann, Robert,$d1927-$0(OLS)http://pul/name/15909 245 10$aCos'è il naturale? :$bnatura, persona, agire morale /$cRobert Spaemann ; a cura di Ugo Perone. 260 $aTorino :$bRosenberg & Sellier,$c©2012. 300 $a164 p. ;$c21 cm. 490 1 $aScuola di alta formazione filosofica 504 $aBibliografia in nota. 650 4$aEtica e filosofia.$0(OLS)http://pul/subject/23761 700 1 $aPerone, Ugo.$0(OLS)http://pul/name/78428 830 0$aScuola di alta formazione filosofica.$0(OLS)http://pul/title/168077 850 $aPUL 852 $aPUL$W1$xSL Filosofia 3$y81$m170 SPARO 1$j152958$qDDC 21$q $B152454$CPULBib$Z2$F152454 $H121898 $81 941 1 $a9 996 $6020$a978-88-7885-156-6$9(OLS)http://pul/number/152004 996 $6082$a170$9(OLS)http://pul/classification/380 996 $6245$aCos'è il naturale? :$bnatura, persona, agire morale$9(OLS)http://pul/title/168075 996 $6260$aTorino :$bRosenberg & Sellier$9(OLS)http://pul/publisher/51344 LEADER 01743nam a2200349 a 4500 001 000000161746 003 CaOOAMICUS 005 20170710094532.0 008 170710s2017 it u000 u ita r 020 $a978-88-08-82076-1* 032 $aLibriCat 040 $aPUL$bita 082 04$a348 245 00$aFallimento, soluzioni negoziate della crisi e disciplina bancaria dopo le riforme del 2015 e 2016 /$copera diretta da Stefano Ambrosini ; con la collaborazione di Marco Aiello ... [et al.] ; prefazione di Alessandro Nigro ; introduzione di Giovanni Legnini. 260 $aBologna :$bZanichelli,$c©2017. 300 $aXXII, 1114 p. ;$c25 cm. 490 1 $aStrumenti del diritto$aDiritto fallimentare ;$v45 504 $aBibliografia in nota. 650 14$aFallimento (diritto).$0(OLS)http://pul/subject/17091 700 1 $aNigro, Alessandro.$0(OLS)http://pul/name/29073 700 1 $aAmbrosini, Stefano,$d1969-$0(OLS)http://pul/name/67522 700 1 $aAiello, Marco,$d1981-$0(OLS)http://pul/name/81191 700 1 $aLegnini, Giovanni.$0(OLS)http://pul/name/103651 830 0$aStrumenti del diritto.$pDiritto fallimentare ;$v45.$0(OLS)http://pul/title/151588 850 $aPUL 852 $aPUL$W1$xSL Diritto e Scienze Sociali 3$y79$m348 COLL 1.45$j185727$qDDC 21$B188943$CPULBib$Z2$F188943 $H129988 $81 941 1 $a9 996 $6020$a978-88-08-82076-1*$9(OLS)http://pul/number/162992 996 $6082$a348$9(OLS)http://pul/classification/2532 996 $6245$aFallimento, soluzioni negoziate della crisi e disciplina bancaria dopo le riforme del 2015 e 2016$9(OLS)http://pul/title/201515 996 $6260$aBologna :$bZanichelli$9(OLS)http://pul/publisher/48255